[Event "Titled Tuesday intern op 04th Apr Early"]
[Site "Chess.com INT"]
[Date "2023.04.04"]
[Round "10"]
[White "Bilan, Danila"]
[Black "Bozorov, Makhsum"]
[Result "0-1"]
[WhiteElo "2303"]
[BlackElo "2145"]
[PlyCount "112"]
[EventDate "2023.04.04"]
[EventType "swiss (blitz)"]
[EventRounds "11"]
[EventCountry "USA"]
[SourceTitle "EXT 2024"]
[Source "ChessBase"]
[SourceDate "2023.10.10"]
[SourceVersion "1"]
[SourceVersionDate "2023.10.10"]
[SourceQuality "1"]

1. d4 Nf6 2. Nf3 g6 3. Bg5 Bg7 4. c3 0-0 5. Nbd2 c5 6. e3 d6 7. Bc4 Nc6 8. dxc5 dxc5 9. 0-0 Qc7 10. Qc2 b6 11. e4 e6 12. Rfe1 Bb7 13. Rad1 h6 14. Bh4 Nh5 15. Nf1 g5 16. Bg3 Nxg3 17. Nxg3 Rad8 18. Nh5 Rxd1 19. Rxd1 Rd8 20. h3 Rd7 21. Bb5 a6 22. Rxd7 Qxd7 23. Nxg7 Kxg7 24. Ne5 Qd6 25. Bxc6 Bxc6 26. Nxc6 Qxc6 27. Qd3 Qb5 28. Qd2 Qc4 29. Qd6 Qxe4 30. Qxb6 Qe1+ 31. Kh2 Qxf2 32. Qxa6 Qxb2 33. Qc4 Qa3 34. h4 Kf6 35. hxg5+ hxg5 36. Kh3 Qa8 37. Qxc5 Qxa2 38. Qd4+ Kg6 39. Qe4+ Kg7 40. Qe5+ Kf8 41. Qh8+ Ke7 42. Qg7 Qd2 43. Qe5 f6 44. Qc7+ Qd7 45. Qc5+ Qd6 46. Qa7+ Qd7 47. Qa3+ Kf7 48. Qb3 f5 49. Kh2 g4 50. Qb6 Ke7 51. Qc5+ Qd6+ 52. Qxd6+ Kxd6 53. Kg3 e5 54. Kf2 Kc5 55. Ke3 Kc4 56. g3 Kxc3 0-1

[Event "Titled Tuesday intern op 04th Apr Early"]
[Site "Chess.com INT"]
[Date "2023.04.04"]
[Round "4"]
[White "Bozorov, Makhsum"]
[Black "Volkov, Maksim"]
[Result "1-0"]
[WhiteElo "2145"]
[BlackElo "2325"]
[PlyCount "79"]
[EventDate "2023.04.04"]
[EventType "swiss (blitz)"]
[EventRounds "11"]
[EventCountry "USA"]
[SourceTitle "EXT 2024"]
[Source "ChessBase"]
[SourceDate "2023.10.10"]
[SourceVersion "1"]
[SourceVersionDate "2023.10.10"]
[SourceQuality "1"]

1. e4 e6 2. d4 d5 3. exd5 exd5 4. Nf3 Bd6 5. c4 dxc4 6. Bxc4 Nf6 7. 0-0 0-0 8. h3 h6 9. Nc3 Nc6 10. Re1 Bf5 11. Ne5 Bxe5 12. dxe5 Qxd1 13. Nxd1 Rfe8 14. f4 Ne4 15. Ne3 Bh7 16. Nd5 Rac8 17. Be3 Nb4 18. Nxb4 a6 19. Rad1 b5 20. Bf1 Ra8 21. Nd5 Rac8 22. Bd3 c5 23. Bf2 Nxf2 24. Bxh7+ Kxh7 25. Kxf2 c4 26. a3 a5 27. Nc3 b4 28. axb4 axb4 29. Ne4 Re7 30. Nd6 Rc5 31. Rc1 Rec7 32. Re4 c3 33. bxc3 bxc3 34. Re3 c2 35. Re2 g5 36. fxg5 hxg5 37. Ne4 Rc4 38. Nxg5+ Kg6 39. Nf3 Kf5 40. Ne1 1-0

[Event "Titled Tuesday intern op 7th Mar Early"]
[Site "Chess.com INT"]
[Date "2023.03.07"]
[Round "6"]
[White "Bozorov, Makhsum"]
[Black "Miazhynski, Michael"]
[Result "1-0"]
[WhiteElo "2145"]
[BlackElo "2146"]
[PlyCount "29"]
[EventDate "2023.03.07"]
[EventType "swiss (blitz)"]
[EventRounds "11"]
[EventCountry "USA"]
[SourceTitle "EXT 2024"]
[Source "ChessBase"]
[SourceDate "2023.10.10"]
[SourceVersion "1"]
[SourceVersionDate "2023.10.10"]
[SourceQuality "1"]

1. e4 c5 2. Nf3 e6 3. c3 Nf6 4. e5 Nd5 5. g3 Nc6 6. Bg2 Qc7 7. d4 cxd4 8. cxd4 d6 9. exd6 Bxd6 10. 0-0 0-0 11. Nbd2 Rd8 12. Ne4 Be7 13. Bg5 h6 14. Bxe7 Qxe7 15. Qb3 1-0

[Event "Titled Tuesday intern op 7th Mar Early"]
[Site "Chess.com INT"]
[Date "2023.03.07"]
[Round "7"]
[White "Nagare, Kaivalya Sandip"]
[Black "Bozorov, Makhsum"]
[Result "1/2-1/2"]
[WhiteElo "2217"]
[BlackElo "2145"]
[PlyCount "40"]
[EventDate "2023.03.07"]
[EventType "swiss (blitz)"]
[EventRounds "11"]
[EventCountry "USA"]
[SourceTitle "EXT 2024"]
[Source "ChessBase"]
[SourceDate "2023.10.10"]
[SourceVersion "1"]
[SourceVersionDate "2023.10.10"]
[SourceQuality "1"]

1. e4 c5 2. Nf3 d6 3. d4 cxd4 4. Nxd4 Nf6 5. Nc3 a6 6. Bg5 e6 7. f4 Be7 8. Qf3 Qc7 9. 0-0-0 Nbd7 10. Bd3 h6 11. Bh4 b5 12. Rhe1 Bb7 13. Qg3 g5 14. fxg5 Nh5 15. Qg4 hxg5 16. Bxg5 Ne5 17. Qh4 Ng6 18. Qg4 Ne5 19. Qh4 Ng6 20. Qg4 Ne5 1/2-1/2

[Event "Titled Tuesday intern op 21st Feb Early"]
[Site "Chess.com INT"]
[Date "2023.02.21"]
[Round "2"]
[White "Ciuffoletti, Paolo"]
[Black "Bozorov, Makhsum"]
[Result "1-0"]
[WhiteElo "2106"]
[BlackElo "2145"]
[PlyCount "31"]
[EventDate "2023.02.21"]
[EventType "swiss (blitz)"]
[EventRounds "11"]
[EventCountry "USA"]
[SourceTitle "CBM 212 Extra"]
[Source "ChessBase"]
[SourceDate "2023.03.31"]
[SourceVersion "1"]
[SourceVersionDate "2023.03.31"]
[SourceQuality "1"]

1. e4 c5 2. d4 cxd4 3. c3 dxc3 4. Nxc3 e6 5. Nf3 Nc6 6. Bc4 a6 7. 0-0 d6 8. Qe2 b5 9. Bb3 Ra7 10. Be3 Rd7 11. a4 b4 12. Nb1 Be7 13. a5 Nf6 14. Bb6 Rc7 15. Ba4 Nd7 16. Bxc6 1-0

[Event "Titled Tuesday intern op 14th Feb Early"]
[Site "Chess.com INT"]
[Date "2023.02.14"]
[Round "3"]
[White "Bozorov, Makhsum"]
[Black "Terry, Renato"]
[Result "0-1"]
[WhiteElo "2145"]
[BlackElo "2520"]
[PlyCount "82"]
[EventDate "2023.02.14"]
[EventType "swiss (blitz)"]
[EventRounds "11"]
[EventCountry "USA"]
[SourceTitle "CBM 212 Extra"]
[Source "ChessBase"]
[SourceDate "2023.03.31"]
[SourceVersion "1"]
[SourceVersionDate "2023.03.31"]
[SourceQuality "1"]

1. d4 d5 2. Nf3 Nf6 3. g3 c6 4. Bg2 Bf5 5. c4 e6 6. Nc3 Nbd7 7. Qb3 Qb6 8. c5 Qxb3 9. axb3 a6 10. h3 h6 11. g4 Bh7 12. b4 Rc8 13. Bf4 Be7 14. Nd2 0-0 15. e3 Rfe8 16. Bg3 Bd3 17. Nb3 Bd8 18. f4 Bc7 19. Kd2 Bh7 20. Bf1 Ne4+ 21. Nxe4 Bxe4 22. Rg1 f6 23. Bxa6 bxa6 24. Rxa6 Nb8 25. Ra7 Re7 26. Rga1 f5 27. Kc3 Bg2 28. Bh4 Rf7 29. gxf5 exf5 30. Rb7 Bxh3 31. Raa7 Bf1 32. Na5 Bb5 33. Bd8 Rxd8 34. Rxc7 Rxc7 35. Rxc7 Kh7 36. Nb7 Rd7 37. Rxd7 Nxd7 38. Nd6 Kg6 39. Nxb5 cxb5 40. c6 Nb6 41. c7 h5 0-1

[Event "Titled Tuesday intern op 07th Feb Late"]
[Site "Chess.com INT"]
[Date "2023.02.07"]
[Round "7"]
[White "Averjanov, Alexey"]
[Black "Bozorov, Makhsum"]
[Result "1-0"]
[WhiteElo "2399"]
[BlackElo "2145"]
[PlyCount "185"]
[EventDate "2023.02.07"]
[EventType "swiss (blitz)"]
[EventRounds "11"]
[EventCountry "USA"]
[SourceTitle "EXT 2024"]
[Source "ChessBase"]
[SourceDate "2023.10.10"]
[SourceVersion "1"]
[SourceVersionDate "2023.10.10"]
[SourceQuality "1"]

1. d4 Nf6 2. c4 g6 3. Nc3 d5 4. cxd5 Nxd5 5. e4 Nxc3 6. bxc3 Bg7 7. Nf3 c5 8. Be3 Qa5 9. Qd2 Nc6 10. Rc1 cxd4 11. cxd4 Qxd2+ 12. Kxd2 0-0 13. d5 Rd8 14. Ke1 Na5 15. Bg5 Bd7 16. Bd3 Rdc8 17. Ke2 e6 18. Rxc8+ Rxc8 19. Rc1 Rxc1 20. Bxc1 exd5 21. exd5 b5 22. Be3 a6 23. Nd4 Nc4 24. Bxc4 bxc4 25. Kd2 Bxd4 26. Bxd4 Kf8 27. Kc3 Bb5 28. Kb4 c3 29. Bxc3 Bf1 30. g3 Ke8 31. Kc5 Kd7 32. Be5 Be2 33. Bf4 Bf1 34. a3 Be2 35. Kd4 Bf1 36. Ke5 Bc4 37. d6 h5 38. Kf6 Bb3 39. h3 Be6 40. h4 Bb3 41. Be5 Ke8 42. Bc3 Bc4 43. a4 Bb3 44. a5 Bc4 45. Bb4 Bb3 46. Ke5 Bc4 47. Kd4 Bb3 48. Kc5 Kd7 49. Kb6 Bc4 50. Ba3 Be2 51. Kc5 Bd1 52. Kd5 Bb3+ 53. Ke5 Ke8 54. f3 Bd1 55. Kf4 Kd7 56. g4 Be2 57. Ke3 Bd1 58. Kf4 Be2 59. Bb4 Bd1 60. Kg3 Ke6 61. Bc5 Be2 62. Kf4 Bd1 63. Kg5 Bxf3 64. gxh5 Bxh5 65. Kh6 Be2 66. Kg7 Bc4 67. Kf8 Kd7 68. Kg7 Bb3 69. Kf6 Bc4 70. Ke5 Bb3 71. Be3 Ba2 72. Bf4 Bb3 73. Kd4 Kc6 74. Kc3 Be6 75. Bg3 Kb5 76. Kd4 Kxa5 77. Kc5 Bd7 78. Be1+ Ka4 79. Kb6 Kb3 80. Kc7 Be6 81. d7 Bxd7 82. Kxd7 f5 83. Ke6 f4 84. Ke5 f3 85. Ke4 a5 86. Kxf3 a4 87. Bg3 a3 88. Kg4 Kc4 89. Be5 Kd5 90. Ba1 Ke6 91. Kg5 Kf7 92. Kh6 g5 93. hxg5 1-0

[Event "Titled Tuesday intern op 07th Feb Early"]
[Site "Chess.com INT"]
[Date "2023.02.07"]
[Round "6"]
[White "Bazilius, Augustinas"]
[Black "Bozorov, Makhsum"]
[Result "1-0"]
[WhiteElo "2205"]
[BlackElo "2145"]
[PlyCount "65"]
[EventDate "2023.02.07"]
[EventType "swiss (blitz)"]
[EventRounds "11"]
[EventCountry "USA"]
[SourceTitle "EXT 2024"]
[Source "ChessBase"]
[SourceDate "2023.10.10"]
[SourceVersion "1"]
[SourceVersionDate "2023.10.10"]
[SourceQuality "1"]

1. d4 Nf6 2. c4 g6 3. Nf3 Bg7 4. g3 c6 5. Bg2 d5 6. 0-0 0-0 7. cxd5 cxd5 8. Ne5 Ng4 9. Nxg4 Bxg4 10. Nc3 Nc6 11. h3 Be6 12. e4 Nxd4 13. exd5 Bd7 14. Bh6 Bxh6 15. Qxd4 Bg7 16. Qd2 Rc8 17. Qe3 b6 18. Rfe1 e5 19. d6 Be6 20. Rad1 Qd7 21. Nd5 Bxd5 22. Bxd5 Kh8 23. Bb3 f5 24. Rd5 e4 25. Rc1 Bxb2 26. Rxc8 Rxc8 27. Qd2 Bf6 28. g4 Rc5 29. g5 Bd8 30. Rxc5 bxc5 31. Qd5 Qg7 32. Qe6 Qf8 33. Qe5+ 1-0

[Event "Titled Tuesday intern op 07th Feb Early"]
[Site "Chess.com INT"]
[Date "2023.02.07"]
[Round "2"]
[White "Bozorov, Makhsum"]
[Black "Baruch, Liam"]
[Result "1-0"]
[WhiteElo "2145"]
[BlackElo "1718"]
[PlyCount "71"]
[EventDate "2023.02.07"]
[EventType "swiss (blitz)"]
[EventRounds "11"]
[EventCountry "USA"]
[SourceTitle "EXT 2024"]
[Source "ChessBase"]
[SourceDate "2023.10.10"]
[SourceVersion "1"]
[SourceVersionDate "2023.10.10"]
[SourceQuality "1"]

1. d4 d5 2. Nf3 Nf6 3. g3 e6 4. Bg2 Be7 5. 0-0 0-0 6. c4 dxc4 7. Qc2 a6 8. a4 Bd7 9. Qxc4 Bc6 10. Bg5 Bd5 11. Qc2 Nc6 12. e3 Nb4 13. Qe2 Be4 14. Rc1 Bd3 15. Qd2 Ne4 16. Bxe7 Qxe7 17. Qd1 a5 18. Ne5 f6 19. Nxd3 Nxd3 20. Qxd3 Nd6 21. Nc3 Rac8 22. Nb5 Nxb5 23. Qxb5 b6 24. Rc6 Rcd8 25. Qc4 Rd6 26. Rxc7 Rd7 27. Rxd7 Qxd7 28. Rc1 Rd8 29. b3 Kf8 30. h4 e5 31. dxe5 fxe5 32. Qe4 Qf7 33. Qxh7 Qf6 34. Rc7 Rd2 35. Kh2 Rxf2 36. Qh8# 1-0

[Event "Titled Tuesday intern op 07th Feb Late"]
[Site "Chess.com INT"]
[Date "2023.02.07"]
[Round "2"]
[White "Bozorov, Makhsum"]
[Black "Nasuta, Grzegorz"]
[Result "0-1"]
[WhiteElo "2145"]
[BlackElo "2535"]
[PlyCount "114"]
[EventDate "2023.02.07"]
[EventType "swiss (blitz)"]
[EventRounds "11"]
[EventCountry "USA"]
[SourceTitle "EXT 2024"]
[Source "ChessBase"]
[SourceDate "2023.10.10"]
[SourceVersion "1"]
[SourceVersionDate "2023.10.10"]
[SourceQuality "1"]

1. e4 c5 2. Nf3 e6 3. c3 Nf6 4. e5 Nd5 5. g3 d6 6. exd6 Bxd6 7. Bg2 0-0 8. 0-0 Nc6 9. d4 cxd4 10. Nxd4 Nxd4 11. Qxd4 Qc7 12. Nd2 Bc5 13. Qd3 Rd8 14. Qe2 Bd7 15. Ne4 Be7 16. c4 Nb4 17. Rd1 Be8 18. Be3 Rxd1+ 19. Qxd1 Qxc4 20. Nd6 Bxd6 21. Qxd6 Bc6 22. Rc1 Qb5 23. a3 Bxg2 24. Qxb4 Qxb4 25. axb4 Bc6 26. Ra1 a6 27. Rd1 f6 28. f4 Kf7 29. Kf2 Rc8 30. h3 Be4 31. Rc1 Bc6 32. Rd1 h6 33. h4 Kg6 34. Ke1 Kf5 35. Kf2 Ke4 36. Rd4+ Kf5 37. Rd1 Re8 38. Bc5 e5 39. fxe5 fxe5 40. Rd6 Ke4 41. Rg6 Rg8 42. Bd6 Kf5 43. h5 Be8 44. g4+ Kf4 45. Re6 Kxg4 46. Rxe5 Bxh5 47. Re7 b5 48. Be5 g5 49. Bd4 Bg6 50. Rc7 h5 51. Be5 h4 52. Rc3 Be4 53. Re3 Kf5 54. Bd6 g4 55. Be7 g3+ 56. Kg1 h3 57. Bd6 h2+ 0-1

[Event "Titled Tuesday intern op 07th Feb Early"]
[Site "Chess.com INT"]
[Date "2023.02.07"]
[Round "7"]
[White "Bozorov, Makhsum"]
[Black "Perez de Miguel, Alvaro"]
[Result "1/2-1/2"]
[WhiteElo "2145"]
[BlackElo "2297"]
[PlyCount "96"]
[EventDate "2023.02.07"]
[EventType "swiss (blitz)"]
[EventRounds "11"]
[EventCountry "USA"]
[SourceTitle "EXT 2024"]
[Source "ChessBase"]
[SourceDate "2023.10.10"]
[SourceVersion "1"]
[SourceVersionDate "2023.10.10"]
[SourceQuality "1"]

1. d4 Nf6 2. Nf3 d5 3. g3 e6 4. Bg2 Be7 5. 0-0 0-0 6. c4 dxc4 7. Qc2 a6 8. a4 Bd7 9. Qxc4 Bc6 10. Bg5 Nbd7 11. Nc3 h6 12. Bxf6 Nxf6 13. Rfe1 Ne4 14. Qd3 Nxc3 15. bxc3 a5 16. e4 Qe8 17. Qc2 b6 18. Ne5 Bb7 19. c4 Bd6 20. Nd3 e5 21. c5 Be7 22. cxb6 cxb6 23. Nxe5 Bf6 24. Nc4 Bxd4 25. Rad1 Rd8 26. Qb3 Qe6 27. Nxa5 bxa5 28. Qxb7 Qf6 29. Rf1 Bxf2+ 30. Kh1 Qb6 31. Qxb6 Bxb6 32. e5 Rd4 33. Rxd4 Bxd4 34. e6 fxe6 35. Rxf8+ Kxf8 36. Bc6 Ke7 37. Kg2 Kd6 38. Ba8 Ke5 39. Kf3 Bc3 40. h3 g5 41. g4 Kd4 42. Bc6 e5 43. Bb7 Bd2 44. Bc6 Bf4 45. Bb7 Be3 46. Bc6 Bf4 47. Bb7 Be3 48. Bc6 Bf4 1/2-1/2

[Event "Titled Tuesday intern op 07th Feb Early"]
[Site "Chess.com INT"]
[Date "2023.02.07"]
[Round "1"]
[White "Kilic, Eray"]
[Black "Bozorov, Makhsum"]
[Result "1-0"]
[WhiteElo "2415"]
[BlackElo "2145"]
[PlyCount "107"]
[EventDate "2023.02.07"]
[EventType "swiss (blitz)"]
[EventRounds "11"]
[EventCountry "USA"]
[SourceTitle "EXT 2024"]
[Source "ChessBase"]
[SourceDate "2023.10.10"]
[SourceVersion "1"]
[SourceVersionDate "2023.10.10"]
[SourceQuality "1"]

1. e4 e5 2. Nf3 Nc6 3. Bb5 a6 4. Ba4 Nf6 5. 0-0 b5 6. Bb3 Bc5 7. c3 d6 8. d4 Bb6 9. a4 Rb8 10. a5 Ba7 11. h3 0-0 12. Re1 Bb7 13. Bg5 h6 14. Bh4 Re8 15. d5 Ne7 16. Bxf6 gxf6 17. Nh4 Bc8 18. Qh5 Kg7 19. Nd2 Ng6 20. Nf1 Nf4 21. Qf3 Kh7 22. Ng3 Rg8 23. Kh2 Rg5 24. Bc2 Qg8 25. Ne2 Nxe2 26. Rxe2 Qg7 27. Rg1 Bd7 28. g4 Rg8 29. Rg3 Bc8 30. Nf5 Bxf5 31. exf5 h5 32. Re4 Qh6 33. Kg2 R8g7 34. Kf1 Kg8 35. Ke2 hxg4 36. Rexg4 Rxg4 37. Rxg4 Rxg4 38. Qxg4+ Qg5 39. Bd3 Bc5 40. b4 Ba7 41. c4 bxc4 42. Bxc4 Bd4 43. Qxg5+ fxg5 44. Kd2 Bxf2 45. Bxa6 Kf8 46. Be2 Ke7 47. Bg4 Kd8 48. b5 Kc8 49. Kd3 Kb8 50. f6 Bg1 51. Be6 Bf2 52. Bxf7 g4 53. Be6 g3 54. f7 1-0

[Event "Titled Tuesday intern op 07th Feb Late"]
[Site "Chess.com INT"]
[Date "2023.02.07"]
[Round "10"]
[White "Schekachikhin, Maksim"]
[Black "Bozorov, Makhsum"]
[Result "0-1"]
[WhiteElo "2367"]
[BlackElo "2145"]
[PlyCount "82"]
[EventDate "2023.02.07"]
[EventType "swiss (blitz)"]
[EventRounds "11"]
[EventCountry "USA"]
[SourceTitle "EXT 2024"]
[Source "ChessBase"]
[SourceDate "2023.10.10"]
[SourceVersion "1"]
[SourceVersionDate "2023.10.10"]
[SourceQuality "1"]

1. Nf3 Nf6 2. c4 g6 3. Nc3 Bg7 4. e4 d6 5. d4 0-0 6. Be2 Bg4 7. Be3 Nfd7 8. Rc1 Bxf3 9. Bxf3 e5 10. d5 a5 11. 0-0 Na6 12. b3 f5 13. a3 Bf6 14. exf5 gxf5 15. Be2 Bg7 16. Nb5 f4 17. Bd2 e4 18. f3 e3 19. Bxa5 b6 20. Bc3 Rf7 21. Nd4 Qh4 22. Ne6 Bxc3 23. Rxc3 Ne5 24. Qd4 Nc5 25. Rxe3 Qf6 26. Rxe5 dxe5 27. Qb2 Nxe6 28. dxe6 Qxe6 29. Bd3 Rd7 30. Be4 Rad8 31. Bd5 Rxd5 32. cxd5 Qxd5 33. Re1 Qd4+ 34. Qf2 Qxf2+ 35. Kxf2 Rd3 36. Rxe5 Rxb3 37. Re7 c5 38. Rb7 Rb2+ 39. Kf1 c4 40. g3 c3 41. Rc7 c2 0-1

[Event "Titled Tuesday intern op 10th Jan Early"]
[Site "Chess.com INT"]
[Date "2023.01.10"]
[Round "1"]
[White "Bartel, Mateusz"]
[Black "Bozorov, Makhsum"]
[Result "1-0"]
[WhiteElo "2615"]
[BlackElo "2145"]
[PlyCount "83"]
[EventDate "2023.01.10"]
[EventType "swiss (blitz)"]
[EventRounds "11"]
[EventCountry "USA"]
[SourceTitle "EXT 2024"]
[Source "ChessBase"]
[SourceDate "2023.10.10"]
[SourceVersion "1"]
[SourceVersionDate "2023.10.10"]
[SourceQuality "1"]

1. Nf3 Nf6 2. c4 g6 3. Nc3 Bg7 4. e4 d6 5. d4 0-0 6. Bd3 e5 7. d5 Bg4 8. Be3 Nfd7 9. Qc2 Bxf3 10. gxf3 Qh4 11. 0-0-0 Bh6 12. Kb1 a5 13. Rdg1 Bxe3 14. fxe3 Na6 15. Rg4 Qh6 16. Qf2 Ndc5 17. Bc2 Nb4 18. Rh4 Qg7 19. Rg1 Qf6 20. Qg3 Nxc2 21. Kxc2 Qe7 22. Qh3 f5 23. exf5 Rxf5 24. Rxg6+ hxg6 25. Rh8+ Kf7 26. Rh7+ Ke8 27. Rxe7+ Kxe7 28. Qh4+ Rf6 29. Nb5 Rc8 30. Kd2 Nd7 31. Ke2 c6 32. Qh7+ Rf7 33. Qxf7+ Kxf7 34. Nxd6+ Kf6 35. Nxc8 cxd5 36. cxd5 e4 37. f4 g5 38. Nd6 gxf4 39. exf4 Nc5 40. Ke3 a4 41. Nxe4+ Nxe4 42. Kxe4 1-0

[Event "Titled Tuesday intern op 10th Jan Late"]
[Site "Chess.com INT"]
[Date "2023.01.10"]
[Round "11"]
[White "Bozorov, Makhsum"]
[Black "Tan, Zhongyi"]
[Result "0-1"]
[WhiteElo "2145"]
[BlackElo "2530"]
[PlyCount "58"]
[EventDate "2023.01.10"]
[EventType "swiss (blitz)"]
[EventRounds "11"]
[EventCountry "USA"]
[SourceTitle "EXT 2024"]
[Source "ChessBase"]
[SourceDate "2023.10.10"]
[SourceVersion "1"]
[SourceVersionDate "2023.10.10"]
[SourceQuality "1"]

1. d4 Nf6 2. c4 e6 3. g3 c5 4. d5 exd5 5. cxd5 d6 6. Bg2 g6 7. Nf3 Bg7 8. 0-0 0-0 9. Nc3 Re8 10. Bf4 Ne4 11. Nxe4 Rxe4 12. Nd2 Rxf4 13. gxf4 Bxb2 14. Rb1 Bg7 15. e4 Nd7 16. Re1 Nf6 17. Nc4 Nh5 18. Qf3 Qh4 19. Nxd6 Bg4 20. Qa3 Bd4 21. Re3 Nxf4 22. Nb5 Bxe3 23. Qxe3 Bh3 24. Bxh3 Nxh3+ 25. Kg2 Nf4+ 26. Kh1 Nh3 27. Kg2 Qg4+ 28. Kh1 Nxf2+ 29. Qxf2 Qxe4+ 0-1

[Event "Titled Tuesday intern op 10th Jan Early"]
[Site "Chess.com INT"]
[Date "2023.01.10"]
[Round "6"]
[White "Bozorov, Makhsum"]
[Black "Yelisieiev, Yevhenii"]
[Result "1/2-1/2"]
[WhiteElo "2145"]
[BlackElo "2403"]
[PlyCount "52"]
[EventDate "2023.01.10"]
[EventType "swiss (blitz)"]
[EventRounds "11"]
[EventCountry "USA"]
[SourceTitle "EXT 2024"]
[Source "ChessBase"]
[SourceDate "2023.10.10"]
[SourceVersion "1"]
[SourceVersionDate "2023.10.10"]
[SourceQuality "1"]

1. d4 d6 2. Nf3 Nf6 3. c4 Nbd7 4. Nc3 e5 5. Bg5 Be7 6. e3 0-0 7. Qc2 c6 8. Bd3 h6 9. Bxf6 Bxf6 10. 0-0-0 exd4 11. Nxd4 Nc5 12. Bf5 Qe7 13. Bxc8 Raxc8 14. Nf5 Qe6 15. Rxd6 Qxc4 16. Rxf6 Nd3+ 17. Kb1 gxf6 18. Ne7+ Kg7 19. Nxc8 Rxc8 20. Rd1 Rd8 21. a3 b5 22. Ne2 Rd5 23. Nc3 Rd7 24. Ne2 Rd5 25. Nc3 Rd7 26. Ne2 Rd5 1/2-1/2

[Event "Titled Tuesday intern op 10th Jan Early"]
[Site "Chess.com INT"]
[Date "2023.01.10"]
[Round "7"]
[White "Ginzburg, Yakov"]
[Black "Bozorov, Makhsum"]
[Result "1-0"]
[WhiteElo "2405"]
[BlackElo "2145"]
[PlyCount "81"]
[EventDate "2023.01.10"]
[EventType "swiss (blitz)"]
[EventRounds "11"]
[EventCountry "USA"]
[SourceTitle "EXT 2024"]
[Source "ChessBase"]
[SourceDate "2023.10.10"]
[SourceVersion "1"]
[SourceVersionDate "2023.10.10"]
[SourceQuality "1"]

1. e4 e5 2. Nf3 Nf6 3. Nxe5 d6 4. Nf3 Nxe4 5. Nc3 Nxc3 6. dxc3 Be7 7. Bf4 Nc6 8. Qd2 Be6 9. a3 Qd7 10. 0-0-0 a6 11. h4 0-0-0 12. Nd4 Nxd4 13. cxd4 Bf5 14. f3 h5 15. d5 Bf6 16. Bd3 Rde8 17. Bg5 Bxd3 18. Qxd3 Bxg5+ 19. hxg5 g6 20. Qd4 Kb8 21. Rhe1 Rxe1 22. Rxe1 Re8 23. Re4 Rxe4 24. Qxe4 b6 25. b3 a5 26. Kb2 Kc8 27. Kc3 Kd8 28. a4 Qe7 29. Qxe7+ Kxe7 30. Kc4 f6 31. f4 fxg5 32. fxg5 Kd8 33. Kb5 Kd7 34. g3 Kd8 35. Kc6 Kc8 36. c3 Kb8 37. b4 axb4 38. cxb4 Kc8 39. a5 bxa5 40. bxa5 Kb8 41. a6 1-0

[Event "Titled Tuesday intern op 10th Jan Early"]
[Site "Chess.com INT"]
[Date "2023.01.10"]
[Round "4"]
[White "Sattarov, Bobir"]
[Black "Bozorov, Makhsum"]
[Result "1/2-1/2"]
[WhiteElo "2392"]
[BlackElo "2145"]
[PlyCount "170"]
[EventDate "2023.01.10"]
[EventType "swiss (blitz)"]
[EventRounds "11"]
[EventCountry "USA"]
[SourceTitle "EXT 2024"]
[Source "ChessBase"]
[SourceDate "2023.10.10"]
[SourceVersion "1"]
[SourceVersionDate "2023.10.10"]
[SourceQuality "1"]

1. e4 e5 2. Nf3 Nf6 3. Nc3 Bb4 4. Nxe5 0-0 5. Nd3 Bxc3 6. dxc3 Nxe4 7. Be3 Re8 8. Be2 d6 9. 0-0 Nd7 10. c4 b6 11. Re1 Bb7 12. Bf3 Nec5 13. Bxb7 Nxb7 14. b4 a5 15. Qf3 Rb8 16. a3 Ne5 17. Qd5 c6 18. Qd4 Nxd3 19. cxd3 c5 20. Qd5 cxb4 21. axb4 axb4 22. Ra7 Re5 23. Qc6 Nc5 24. Rb1 Qe8 25. Qxd6 Rd8 26. Qxb6 Nxd3 27. Rd1 Re6 28. Qb5 Rxe3 29. Qxe8+ Rexe8 30. g3 Re1+ 31. Rxe1 Nxe1 32. Rb7 Nc2 33. c5 g6 34. Kf1 Kg7 35. Ke2 Nd4+ 36. Ke3 b3 37. c6 Nxc6 38. Rxb3 Re8+ 39. Kd2 Nd4 40. Rd3 Ne6 41. h4 h5 42. Re3 Rd8+ 43. Ke2 Nd4+ 44. Kf1 Nf5 45. Ra3 Rd7 46. Kg2 Re7 47. Kf3 Kf6 48. Ra5 Re6 49. Ra4 Nd6 50. Ra5 Kg7 51. Ra6 Rf6+ 52. Ke3 Ne8 53. Ra3 Nc7 54. Rd3 Ne6 55. Rd5 Nf8 56. Ra5 Re6+ 57. Kf3 Nd7 58. Kg2 Nf6 59. Ra2 Ng4 60. f3 Nf6 61. Kf2 Nd5 62. g4 Ne7 63. Ra5 hxg4 64. fxg4 Rf6+ 65. Kg3 Re6 66. h5 gxh5 67. Rxh5 Ng6 68. Rf5 Rf6 69. Rd5 Re6 70. Rf5 Re3+ 71. Kf2 Re7 72. Kg3 Ne5 73. Rg5+ Kf8 74. Rf5 Re6 75. Kf4 Ke7 76. Rxe5 Rxe5 77. Kxe5 Kf8 78. Kf6 Kg8 79. Kf5 Kg7 80. Kg5 f6+ 81. Kf5 Kf7 82. Kf4 Kg6 83. Ke4 Kg5 84. Kf3 f5 85. gxf5 Kxf5 1/2-1/2

[Event "UZB-ch 1st League"]
[Site "Tashkent"]
[Date "2011.04.22"]
[Round "11"]
[White "Artemenko, Oleg"]
[Black "Bozorov, Makhsum"]
[Result "1-0"]
[WhiteElo "2204"]
[BlackElo "2198"]
[PlyCount "87"]
[EventDate "2011.04.12"]
[EventType "tourn"]
[EventRounds "11"]
[EventCountry "UZB"]
[SourceTitle "CBM 142 Extra"]
[Source "ChessBase"]
[SourceDate "2011.06.27"]
[SourceVersion "1"]
[SourceVersionDate "2011.06.27"]
[SourceQuality "1"]

1. d4 Nf6 2. c4 g6 3. Nc3 Bg7 4. e4 d6 5. Be2 0-0 6. Nf3 e5 7. 0-0 Nc6 8. d5 Ne7 9. Ne1 Nd7 10. f3 f5 11. g4 Nf6 12. Nd3 c5 13. Be3 Kh8 14. Kh1 Neg8 15. Rg1 Qe7 16. a3 Nd7 17. g5 a6 18. b4 b6 19. Rb1 Qd8 20. Qa4 Ne7 21. Nb5 axb5 22. Qxa8 bxc4 23. Nf2 cxb4 24. axb4 Qc7 25. Rgc1 Bb7 26. Qa4 fxe4 27. Rxc4 Qd8 28. fxe4 Nf5 29. exf5 Bxd5+ 30. Kg1 gxf5 31. h4 f4 32. Bd2 h6 33. Nh3 hxg5 34. hxg5 Be6 35. Bf1 Bxh3 36. Bxh3 Qxg5+ 37. Kh1 Nf6 38. Rg1 Qh4 39. Qb3 e4 40. Be1 Qh6 41. Rc2 Nh5 42. Rh2 Re8 43. Bg4 Re5 44. Qf7 1-0

[Event "UZB-ch 1st League"]
[Site "Tashkent"]
[Date "2011.04.21"]
[Round "10"]
[White "Bozorov, Makhsum"]
[Black "Gubaydulin, Talgat"]
[Result "0-1"]
[WhiteElo "2198"]
[BlackElo "2273"]
[PlyCount "42"]
[EventDate "2011.04.12"]
[EventType "tourn"]
[EventRounds "11"]
[EventCountry "UZB"]
[SourceTitle "CBM 142 Extra"]
[Source "ChessBase"]
[SourceDate "2011.06.27"]
[SourceVersion "1"]
[SourceVersionDate "2011.06.27"]
[SourceQuality "1"]

1. e4 c5 2. Nf3 Nc6 3. d4 cxd4 4. Nxd4 Nf6 5. Nc3 d6 6. g3 g6 7. Bg2 Nxd4 8. Qxd4 Bg7 9. 0-0 0-0 10. Qd2 Be6 11. b3 Rc8 12. Bb2 Qa5 13. Rab1 Nd7 14. e5 Bxe5 15. Ne4 Qxd2 16. Nxd2 Rxc2 17. Bxe5 Nxe5 18. Nf3 Nxf3+ 19. Bxf3 Rfc8 20. Bxb7 Rb8 21. Be4 Rxa2 0-1